000 00226nam a2200097Ia 4500
008 220204s9999 xx 000 0 und d
082 _a82-3
_bHEM
100 _aHemingway, Ernest
245 0 _aDeath in the afternoon
942 _cBK
999 _c30420
_d30420